[Event "XIII Figueira da Foz Open 2019"]
[Site "Figueira da Foz"]
[Date "2019.10.31"]
[Round "5.4"]
[White "Barski, Radoslaw"]
[Black "Jakubowski, Krzysztof"]
[Result "0-1"]
[WhiteElo "2437"]
[BlackElo "2494"]
[Annotator "TA"]
[PlyCount "74"]
[EventDate "2019.10.27"]
[EventType "swiss"]
[EventCountry "POR"]
[SourceTitle "playchess.com"]
[Source "ChessBase"]
[SourceQuality "1"]

{[%evp 28,74,27,22,60,22,68,42,64,37,30,57,27,0,3,0,0,0,0,0,0,0,49,42,49,50,56,50,34,0,0,0,0,-3,-3,-3,-11,-611,-593,-6441,-6524,-5841,-5834,-5427,-1960,-29982,-29983,-29982,-29983]} 1. e4 c5 2. Nf3 d6 3. d4 cxd4 4. Nxd4 Nf6 5. Nc3 a6 6. Be3 e5 7. Nb3 Be6 8. f3 Nbd7 9. g4 Be7 10. Qd2 O-O 11. O-O-O Qc7 12. Kb1 b5 13. g5 Nh5 14. Nd5 Bxd5 15. exd5 Bd8 {B90: Sicilian Najdorf: Unusual White 6th moves, 6 Be3 Ng4 and 6 Be3 e5} (15... Nb6 16. Rg1 g6 17. Na5 Nxd5 18. Qxd5 Qxa5 19. c4 Rab8 20. Bd3 Rfe8 21. cxb5 axb5 22. Bc4 Rf8 23. Rc1 {0-1 (49) Demchenko,A (2588)-Alekseev,E (2682) St Petersburg 2014}) 16. Rg1 Qb8 $146 ({Predecessor:} 16... Qb7 17. Bh3 g6 18. Bg4 Ng7 19. h4 a5 20. Rh1 f5 21. gxf6 Nxf6 22. Bh6 Nxg4 23. fxg4 {0-1 (42) Di Gennaro,A (1676)-Seletsky,G (2284) Napoli 2017}) 17. Bh3 f5 {White is slightly better.} 18. gxf6 Ndxf6 {[%cal Bd7f6,Bf6e4,Be4c3][%mdl 32]} 19. f4 exf4 20. Bxf4 {Threatening Qg2.} Ne4 $132 {[%mdl 2048] Black is fighting back} 21. Be6+ Kh8 22. Qe2 {[%mdl 64] Double Attack} Nc3+ 23. bxc3 Nxf4 24. Qg4 {[%csl Gg1][%cal Rg4g7]} Qc7 25. Nd4 {aiming for Rdf1.} g5 26. h4 $1 {[%cal Rh4g5]} Qxc3 {White must now prevent ...Bf6.} 27. hxg5 {Hoping for Rg3.} Bb6 28. Rh1 {Threatening mate with Rxh7+!} (28. Rg3 $5 {[%cal Rg3c3]} Qc4 29. Nc6 Nxe6 30. Qxc4 bxc4 31. dxe6 $14) 28... Ra7 $1 (28... Nxe6 29. Rxh7+ $1 {[%mdl 512]} (29. dxe6 Qb4+ 30. Ka1 Qc3+ 31. Kb1 Qb4+ 32. Ka1 Qc3+ 33. Kb1 $11) 29... Kxh7 30. Qe4+ Kg8 31. Qxe6+ Rf7 32. g6 $18) 29. Nc6 {Strongly threatening Bf5.} Bc5 $1 {[%cal Rc5a3]} 30. Bd7 {[#]} Rf7 $1 {[%mdl 512]} 31. Rxh7+ $1 Kxh7 32. Rh1+ $2 {[%mdl 8192] [#]} (32. Bf5+ $11 Kg8 33. Qxf4) 32... Kg8 $1 $19 {( -> ...Ba3!)} 33. Be6 {[#]} Ba3 $1 {[%csl Ga3][%cal Rc3b2][%mdl 512]} 34. Bxf7+ Kg7 {[%csl Ga3][%cal Rc3b2]} ({Wrong is} 34... Rxf7 $2 35. Qc8+ Kg7 36. Qh8+ Kg6 37. Qxc3 $18) 35. Rh7+ Kxh7 {[%csl Ga3][%cal Rc3b2]} 36. Qh4+ Kg7 {[%csl Ga3][%cal Rc3b2]} 37. Qh6+ Kxf7 {Accuracy: White = 70%, Black = 79%.} 0-1

[Event "XIII Figueira da Foz Open 2019"]
[Site "Figueira da Foz"]
[Date "2019.10.31"]
[Round "5.5"]
[White "Stella, Andrea"]
[Black "Guerreiro, Nuno"]
[Result "1-0"]
[WhiteElo "2484"]
[BlackElo "2069"]
[Annotator "TA"]
[PlyCount "65"]
[EventDate "2019.10.27"]
[EventType "swiss"]
[EventCountry "POR"]
[SourceTitle "playchess.com"]
[Source "ChessBase"]
[SourceQuality "1"]

{[%evp 9,65,58,40,37,35,21,33,15,14,5,19,27,44,22,33,24,32,20,18,14,40,44,39,48,34,34,27,31,60,46,66,66,100,79,120,113,120,112,221,227,430,427,413,382,464,463,536,534,532,462,841,803,29980,5212,29981,29982,29984,29984]} 1. d4 Nc6 2. d5 Nb8 3. e4 d6 4. Nc3 g6 5. h3 Bg7 6. Nf3 {B00: Queen's Fianchetto Defence, Nimzowitsch Defence} Nf6 7. Bc4 c6 (7... O-O 8. O-O a6 9. a4 e5 10. dxe6 Bxe6 11. Bxe6 fxe6 12. e5 dxe5 13. Nxe5 Qxd1 14. Nxd1 {½-½ (31) Aronian,L (2765)-Zubov,A (2597) St Petersburg 2018}) 8. dxc6 {White is slightly better.} Nxc6 9. O-O O-O 10. Re1 Bd7 $146 ({Predecessor:} 10... Na5 11. Bb3 Nxb3 12. axb3 Bd7 13. Nd5 {1-0 (30) Arizmendi Martinez,J (2507)-Sanchez Jerez,E (2246) Linares 2018}) 11. Nd5 Rc8 12. c3 Na5 13. Nxf6+ Bxf6 14. Bd5 b5 15. Bh6 Re8 $1 16. e5 dxe5 17. Nxe5 (17. Bxf7+ Kxf7 18. Nxe5+ Bxe5 $17) 17... e6 18. Bb3 Bc6 19. Qg4 {[#] Hoping for Nxf7!} Nxb3 20. axb3 Bd5 21. Rxa7 Rc7 22. Rxc7 Qxc7 23. Qf4 Qe7 (23... Bxe5 $16 24. Rxe5 f5 25. Rxf5 Qxf4 26. Rxf4 Bxb3) 24. Ng4 $40 {[%mdl 128] White has strong attack.} Bh4 $2 (24... Bh8 {keeps fighting.} 25. Bg5 e5) 25. g3 f5 {[#]} 26. Ne3 $1 {[%cal Re3d5]} ({Weaker is} 26. gxh4 fxg4 27. Qxg4 Bxb3 $16) 26... Ba8 {White should prevent ...Bf6.} 27. Qxh4 ({Don't take} 27. gxh4 Qb7 $18) 27... Qb7 {[%csl Ga8][%cal Rb7h1]} 28. Kh2 Qf3 29. Qf4 Qh5 (29... Qxf4 $142 30. Bxf4 e5) 30. g4 {Intending Nxf5 and mate.} Qh4 31. Bg5 e5 32. Nxf5 gxf5 33. Bxh4 {Accuracy: White = 67%, Black = 39%.} 1-0

[Event "XIII Figueira da Foz Open 2019"]
[Site "Figueira da Foz"]
[Date "2019.10.31"]
[Round "5.6"]
[White "Correia, Mario"]
[Black "Galego, Luis"]
[Result "0-1"]
[WhiteElo "2140"]
[BlackElo "2483"]
[Annotator "TA"]
[PlyCount "56"]
[EventDate "2019.10.27"]
[EventType "swiss"]
[EventCountry "POR"]
[SourceTitle "playchess.com"]
[Source "ChessBase"]
[SourceQuality "1"]

{[%evp 11,56,19,20,24,28,12,40,54,60,12,0,14,10,10,0,10,6,2,27,-23,6,13,2,0,0,0,0,0,0,0,27,3,12,22,36,-96,0,0,-4,-68,0,0,0,0,0,-1103,-1070]} 1. d4 Nf6 2. c4 e6 3. g3 d5 4. Nf3 dxc4 5. Bg2 Bb4+ 6. Bd2 Be7 7. O-O {E04: Open Catalan: 5 Nf3} (7. Qa4+ Bd7 8. Qxc4 Bc6 9. O-O O-O 10. Nc3 Nbd7 11. Rfd1 Ne4 12. Qd3 Nxd2 13. Rxd2 Bxf3 14. Bxf3 c6 15. a3 {½-½ (30) Sasikiran,K (2654)-Plat,V (2532) Czech Republic 2017}) 7... a6 8. a4 Nc6 9. e3 {White is slightly better.} Rb8 $146 ({Predecessor:} 9... O-O 10. Qc2 Nb4 11. Bxb4 Bxb4 12. Nbd2 Bd7 13. Ne5 Rb8 14. Ndxc4 Qe7 {½-½ (69) Lingnau,C (2415)-Tolnai,T (2500) Budapest 1993}) 10. a5 b5 11. axb6 $1 cxb6 12. Qc2 Bb7 13. Qxc4 b5 14. Qe2 O-O 15. Ne5 Qb6 16. Nxc6 Bxc6 17. Bxc6 Qxc6 18. Rc1 Qb7 19. Ba5 {And now Rc7 would win.} Rfc8 20. Nd2 Bd6 21. Nb3 Qd5 22. Qd1 h5 23. h4 {[#]} (23. f3 $14 {keeps the upper hand.}) 23... g5 ({Better is} 23... b4 $1 $17) 24. hxg5 $11 Qxg5 25. Nd2 (25. Qf3 $11) 25... Bxg3 (25... h4 $1 $15 26. Nf3 {[%mdl 64] Double Attack} Qg7 27. Nxh4 Bxg3) 26. Nf3 $1 {[#]} Bxf2+ $1 {[%mdl 512]} 27. Kxf2 Ng4+ 28. Kg3 $2 {[%mdl 8192] [#]} (28. Kf1 $11 Qxe3 29. Rxc8+ Rxc8 30. Qe2) 28... h4+ $1 {[%mdl 512] Accuracy: White = 46%, Black = 36%.} 0-1

[Event "XIII Figueira da Foz Open 2019"]
[Site "Figueira da Foz"]
[Date "2019.10.31"]
[Round "5.7"]
[White "Martin Duque, Jesus"]
[Black "Gavasheli, Ana"]
[Result "1-0"]
[WhiteElo "2445"]
[BlackElo "2240"]
[Annotator "RC"]
[PlyCount "81"]
[EventDate "2019.10.27"]
[EventType "swiss"]
[EventCountry "POR"]
[SourceTitle "playchess.com"]
[Source "ChessBase"]
[SourceQuality "1"]
[TimeControl "40/5400+30:1800+30"]

1. e4 e5 2. Nf3 d6 3. Nc3 Nc6 4. d4 exd4 5. Nxd4 g6 6. Nxc6 bxc6 7. Bf4 Bg7 8. Qd2 Be6 9. O-O-O a5 10. Qe3 Nf6 11. Be2 Nd7 12. Bh6 Bxh6 13. Qxh6 Rb8 14. f4 Qe7 15. Bf3 Qf8 16. Qg5 Nc5 17. f5 f6 18. Qe3 Bd7 19. g4 Qe7 20. h4 gxf5 21. gxf5 Bxf5 22. Qh6 Bd7 23. Rhg1 Ne6 24. Qh5+ Kd8 25. Qxa5 Nc5 26. b4 Ne6 27. a3 Qf8 28. Bg4 Qh6+ 29. Kb2 Kc8 30. Qa6+ Rb7 31. Bxe6 Bxe6 32. Qa8+ Rb8 33. Qxc6 Rb6 34. Qa8+ Rb8 35. Qa6+ Kd7 36. Qa4+ Kc8 37. Nb5 Rd8 38. Nxd6+ Rxd6 39. Rxd6 cxd6 40. Qc6+ Kd8 41. Qxd6+ 1-0

[Event "XIII Figueira da Foz Open 2019"]
[Site "Figueira da Foz"]
[Date "2019.10.31"]
[Round "5.8"]
[White "Djuric, Stefan"]
[Black "Roettgen, Juergen"]
[Result "1-0"]
[WhiteElo "2356"]
[BlackElo "2157"]
[Annotator "RC"]
[PlyCount "56"]
[EventDate "2019.10.27"]
[EventType "swiss"]
[EventCountry "POR"]
[SourceTitle "playchess.com"]
[Source "ChessBase"]
[SourceQuality "1"]
[TimeControl "40/5400+30:1800+30"]

1. c4 {[%emt 0:09:32]} Nf6 {[%emt 0:00:00]} 2. Nc3 {[%emt 0:00:16]} c5 {[%emt 0:01:05]} 3. Nf3 {[%emt 0:00:08]} Nc6 {[%emt 0:00:48]} 4. d4 {[%emt 0:02:09]} cxd4 {[%emt 0:00:41]} 5. Nxd4 {[%emt 0:00:01]} e6 {[%emt 0:01:32]} 6. g3 {[%emt 0:01:37]} Bb4 {[%emt 0:03:05]} 7. Bg2 {[%emt 0:00:12]} a6 {[%emt 0:01:37]} 8. O-O {[%emt 0:00:21]} O-O {[%emt 0:01:14]} 9. Na4 {[%emt 0:15:30]} d5 {[%emt 0:13:41]} 10. cxd5 {[%emt 0:03:26]} exd5 {[%emt 0:01:04]} 11. Be3 {[%emt 0:04:02]} Be6 {[%emt 0:18:19]} 12. a3 {[%emt 0:15:14]} Be7 {[%emt 0:06:19]} 13. Nxe6 {[%emt 0:01:55]} fxe6 {[%emt 0:00:15]} 14. Bh3 {[%emt 0:00:03]} Kf7 {[%emt 0:09:38]} 15. Rc1 {[%emt 0:00:19]} d4 {[%emt 0:08:02]} 16. Bf4 {[%emt 0:03:02]} Nd5 {[%emt 0:01:46]} 17. Bd2 {[%emt 0:00:36]} Rc8 {[%emt 0:05:47]} 18. e4 {[%emt 0:04:56]} Nc7 {[%emt 0:06:32]} 19. Bf4 {[%emt 0:08:30]} Bd6 {[%emt 0:03:02]} 20. Bxd6 {[%emt 0:02:45]} Qxd6 {[%emt 0:00:13]} 21. Nc5 {[%emt 0:00:01]} Nd8 {[%emt 0:01:19]} 22. e5 {[%emt 0:01:47]} Qxe5 {[%emt 0:04:50]} 23. Nd7 {[%emt 0:03:07]} Qd6 {[%emt 0:00:50]} 24. Qf3+ {[%emt 0:02:54]} Kg8 {[%emt 0:01:27]} 25. Qxf8+ {[%emt 0:00:18]} Qxf8 {[%emt 0:00:08]} 26. Nxf8 {[%emt 0:00:03]} Kxf8 {[%emt 0:00:16]} 27. Rfd1 {[%emt 0:00:02]} Nc6 {[%emt 0:00:22]} 28. Bg2 {[%emt 0:00:05]} Ke8 1-0

[Event "XIII Figueira da Foz Open 2019"]
[Site "Figueira da Foz"]
[Date "2019.10.31"]
[Round "5.9"]
[White "Gomez Dieguez, David"]
[Black "Fernandes, Miguel A. Murtinho"]
[Result "1-0"]
[WhiteElo "2336"]
[BlackElo "2115"]
[Annotator "TA"]
[PlyCount "77"]
[EventDate "2019.10.27"]
[EventType "swiss"]
[EventCountry "POR"]
[SourceTitle "playchess.com"]
[Source "ChessBase"]
[SourceQuality "1"]

{[%evp 13,77,10,29,45,29,-18,6,1,4,-41,-34,-18,-3,-24,-32,-35,-35,-31,-37,-39,-44,-53,-49,-65,-76,-86,-46,-66,0,0,143,0,163,162,162,156,163,168,156,151,201,197,197,194,316,322,317,308,378,378,422,347,389,346,735,725,856,839,918,828,1088,1008,944,941,814,786]} 1. e4 c6 2. d4 d5 3. e5 Bf5 4. h4 h6 5. g4 Be4 6. f3 Bh7 7. e6 Qd6 8. exf7+ $1 {B12: Caro-Kann: Advance Variation} Kxf7 9. Bd3 (9. f4 {looks sharper.} Nf6 10. Nf3 Nxg4 11. h5 Nd7 12. Nc3) 9... e5 (9... Bxd3 10. Qxd3 Nd7 11. h5 e5 12. f4 exd4 13. Qf5+ Ngf6 14. g5 hxg5 15. fxg5 Qg3+ {0-1 (40) Fedoseev,V (2724)-Tabatabaei,M (2577) Moscow 2018}) 10. Bxh7 {The position is equal.} Rxh7 11. Ne2 Nd7 12. Nbc3 Re8 13. Be3 $146 ({Predecessor:} 13. Qd3 Ngf6 {0-1 (63) Jovanovic,Z (2533)-Zelcic,R (2500) Valpovo 2017}) 13... Ngf6 {...exd4 is the strong threat.} 14. Qd3 exd4 15. Bxd4 Ne5 16. Bxe5 $1 Qxe5 17. O-O-O Qe3+ 18. Kb1 Qxd3 19. cxd3 Bb4 20. Nd4 Rhh8 (20... g6 $15) 21. h5 $11 Re3 (21... Bxc3 $11 22. bxc3 Re3) 22. Rhf1 ({White has to play} 22. Nc2 $16 Rxf3 23. Nxb4) 22... Rhe8 $2 (22... Re5 $11 {and Black is okay.}) 23. Nc2 $1 $18 {[%csl LRb4,LRe3][%mdl 64] [#] Double Attack} Bxc3 24. Nxe3 Bxb2 25. Nf5 Ba3 26. Rde1 a5 27. Rxe8 Nxe8 {[%mdl 4096] Endgame KRN-KBN} 28. Kc2 Nd6 (28... Nc7 $142 29. Rb1 Nb5) 29. Nxd6+ Bxd6 {KR-KB} 30. d4 b6 31. Re1 Bc7 32. Kb3 c5 33. Ka4 c4 $2 (33... cxd4 34. Kb5 Kf6) 34. Kb5 {White is clearly winning.} Bf4 {[#]} 35. Re2 $1 c3 36. Rc2 Bd2 37. a4 Be3 38. Rxc3 Bxd4 39. Rd3 {Accuracy: White = 73%, Black = 31%.} 1-0

[Event "XIII Figueira da Foz Open 2019"]
[Site "Figueira da Foz"]
[Date "2019.10.31"]
[Round "5.10"]
[White "Medarde Santiago, Luis Marcos"]
[Black "Adams, Philip"]
[Result "1-0"]
[WhiteElo "2285"]
[BlackElo "1993"]
[Annotator "TA"]
[PlyCount "127"]
[EventDate "2019.10.27"]
[EventType "swiss"]
[EventCountry "POR"]
[SourceTitle "playchess.com"]
[Source "ChessBase"]
[SourceQuality "1"]

{[%evp 10,127,52,51,58,58,60,50,53,49,54,18,26,27,27,24,23,20,52,18,23,14,17,16,19,0,0,-10,15,14,8,10,12,8,8,4,16,19,18,19,41,29,70,67,49,18,51,54,80,35,46,0,71,12,42,16,25,24,30,21,26,21,20,22,20,0,119,109,118,110,112,114,114,0,29,0,71,71,77,72,75,0,36,0,100,80,144,141,78,30,17,16,16,23,71,66,137,135,5135,5114,5073,4614,4614,0,4614,0,4602,4140,2422,1906,6033,6095,5264,5218,5165,4133,29983,29984,29983,29984]} 1. e4 d5 2. exd5 Qxd5 3. Nc3 Qd8 4. d4 Nf6 5. Nf3 Bg4 6. h3 Bxf3 {B01: Scandinavian Defence} 7. Qxf3 c6 8. Bf4 (8. Be3 e6 9. O-O-O Bb4 10. Ne4 Nxe4 11. Qxe4 Qd5 12. Qxd5 cxd5 13. c4 dxc4 14. Bxc4 {1-0 (41) Dominguez Perez,L (2739)-Pichot,A (2552) chess.com INT 2018}) 8... e6 {White is slightly better.} 9. O-O-O Bb4 10. a3 Bxc3 11. Qxc3 Nd5 12. Qg3 Nxf4 13. Qxf4 Nd7 {[#]} 14. Bd3 $146 ({Predecessor:} 14. g4) 14... Nf6 15. Kb1 b5 16. g4 Qb8 17. Qxb8+ (17. Qf3 {keeps more tension.} Nd5 18. h4 b4 19. Bc4 bxa3 20. Qxa3 a5 21. c3) 17... Rxb8 18. f4 O-O 19. f5 exf5 20. Bxf5 g6 21. g5 Nd5 22. Bd7 Rb6 $1 23. Rhe1 Rd8 24. Bg4 Rb7 25. c3 Re7 26. Rxe7 Nxe7 $14 {[%mdl 4096] Endgame KRB-KRN} 27. Kc2 Nd5 {Threatens to win with ...f5.} 28. Re1 Kf8 29. Kd2 Nb6 30. Kc2 Nd5 31. Kd3 (31. Kb3 $16) 31... Rd6 32. Kd2 a5 33. h4 a4 34. Re2 Rd8 35. Re5 Rd6 36. Bf3 f6 37. gxf6 (37. Re1 {is more complex.} Kf7 38. Kd3 Nf4+ 39. Kc2 Nd5 40. b3) 37... Rxf6 (37... Nb6 $11 {keeps the balance.} 38. Be2 h6) 38. Bxd5 $16 cxd5 39. Rxd5 $11 {KR-KR} Rf2+ {[#]} 40. Kc1 $1 Rf1+ 41. Kd2 (41. Kc2 $16) 41... Rf2+ 42. Kc1 Rf1+ 43. Kc2 Rf2+ 44. Kb1 Rf1+ 45. Kc2 Rf2+ 46. Kb1 (46. Kd3 $14 Rxb2 47. Re5) 46... Rf1+ $1 $16 47. Ka2 Rh1 48. Rxb5 Rxh4 49. b3 Rh2+ 50. Kb1 axb3 51. a4 {[%cal Ba3a4,Ba4a5,Ba5a6][%mdl 32]} h5 52. Rxb3 {Strongly threatening a5.} Re2 ({Better is} 52... Rh1+ $14 53. Kb2 Rh2+ 54. Ka3 Rh1) 53. a5 Re7 $2 {[%mdl 8192] [#]} (53... Re8 $16) 54. a6 $1 $18 Re1+ 55. Kb2 Re2+ 56. Kb1 Re1+ $1 57. Kb2 Re2+ 58. Ka3 Re6 59. Rb8+ Kf7 60. Rb7+ Kf6 61. a7 Ra6+ 62. Kb4 h4 63. Kb5 Ra1 64. Rb6+ {Accuracy: White = 56%, Black = 52%.} 1-0

[Event "XIII Figueira da Foz Open 2019"]
[Site "Figueira da Foz"]
[Date "2019.10.31"]
[Round "5.11"]
[White "Rey Malde, Henrique"]
[Black "Silva, Mariana Sofia T."]
[Result "1-0"]
[WhiteElo "2209"]
[BlackElo "1880"]
[Annotator "TA"]
[PlyCount "55"]
[EventDate "2019.10.27"]
[EventType "swiss"]
[EventCountry "POR"]
[SourceTitle "playchess.com"]
[Source "ChessBase"]
[SourceQuality "1"]

{[%evp 12,65,32,29,29,-49,27,15,15,12,23,-30,10,18,104,87,110,102,134,121,125,127,182,204,241,233,285,304,480,470,466,419,617,558,531,393,580,567,1127,1115,1142,1101,1036,784,2262,2236,2014,1704,5269,5210,29990,29991,29993,29993,29993,29994]} 1. e4 c5 2. Nf3 g6 3. d4 cxd4 4. Qxd4 Nf6 5. e5 Nc6 6. Qa4 Nd5 7. Qe4 Nb6 {B27: Sicilian: 2 Nf3, unusual Black 2nd moves} 8. Bf4 (8. Nc3 $11) 8... Bg7 (8... d5 $15 9. exd6 Bf5) 9. Nc3 $11 O-O {The position is equal.} (9... d5 10. exd6 Bf5 11. dxe7 Qd7 12. Qe3 Nb4 13. Rc1 Nxc2+ 14. Rxc2 Bxc2 15. Bb5 Bxc3+ 16. Qxc3 Qxb5 17. Qxh8+ Kxe7 {½-½ (22) Ortiz Suarez,I (2548)-Guseinov,G (2654) Barbera del Valles 2018}) 10. O-O-O $1 d6 11. Qe3 $146 ({White should play} 11. exd6 Bf5 12. dxe7 Qxe7 13. Qxe7 Nxe7 14. Be5) ({Predecessor:} 11. h4 Bg4 12. h5 Bxf3 13. gxf3 Nxe5 14. Bxe5 Bxe5 15. f4 Bxc3 16. bxc3 {0-1 (43) Demianjuk,A (2328)-Arutinian,D (2527) Yerevan 2017}) 11... Bf5 12. Bh6 Re8 {[#]} (12... Bh8 $11) 13. Bxg7 $1 $16 Kxg7 14. Bb5 Qc7 {[%cal Rd6e5]} 15. exd6 exd6 16. Qf4 $36 {[%mdl 2048] White is in control.} Rad8 (16... Rac8 $16) 17. g4 $18 Be6 {[#]} 18. h4 $1 {[%cal Rh4h5] And now h5 would win.} (18. Bxc6 bxc6 19. Ng5 h6 $11) 18... Qe7 19. h5 (19. Bxc6 bxc6 20. Rhe1 d5 $14) 19... Rh8 (19... g5 $142 20. Nxg5 h6) 20. Bxc6 bxc6 21. Rde1 Qf8 (21... g5 $142 22. h6+ (22. Qxg5+ Qxg5+ 23. Nxg5 Rhe8 $16) 22... Kf8 23. Nxg5 Ke8) 22. Qd4+ Kg8 23. Ne4 {[%cal Bc3e4,Be4g5,Bg5e6][%mdl 32]} Nd5 (23... Nd7 {might work better.} 24. Neg5 (24. Nxd6 Nb6 $11) 24... c5 25. Nxe6 cxd4 26. Nxf8 Kxf8 27. Nxd4 Re8) 24. c4 c5 25. Qd2 Bxg4 26. cxd5 {Nf6+ would kill now.} f5 27. Neg5 h6 28. Re6 {Played: Ng5-e6} 1-0

[Event "XIII Figueira da Foz Open 2019"]
[Site "Figueira da Foz"]
[Date "2019.10.31"]
[Round "5.12"]
[White "Garcia Dorado, Alberto"]
[Black "Barrento, Jorge Maria Lopes"]
[Result "1-0"]
[WhiteElo "2170"]
[BlackElo "1739"]
[Annotator "TA"]
[PlyCount "41"]
[EventDate "2019.10.27"]
[EventType "swiss"]
[EventCountry "POR"]
[SourceTitle "playchess.com"]
[Source "ChessBase"]
[SourceQuality "1"]

{[%evp 17,41,18,18,14,32,32,32,32,32,33,33,33,60,56,61,62,64,61,52,52,57,48,295,307,477,460]} 1. d4 Nf6 2. c4 e5 3. dxe5 Ng4 4. Nf3 Bc5 5. e3 Nc6 6. Nc3 O-O 7. Be2 Ngxe5 8. Nxe5 Nxe5 9. O-O d6 10. Qc2 {A52: Budapest Gambit} (10. b3 Bd7 11. Bb2 Re8 12. Nd5 a5 13. a3 c6 14. b4 Ba7 15. Nf4 Qc7 16. Qd2 Rad8 17. Rfd1 Bc8 18. h3 axb4 19. axb4 {0-1 (79) Sharafiev,A (2398)-Ponkratov,P (2499) Kazan 2008}) 10... c6 $146 ({Predecessor:} 10... Be6 11. b3 Qd7 12. Bb2 f5 13. Rad1 Qf7 14. Na4 Nd7 15. Nxc5 Nxc5 16. Bf3 Rab8 17. Rfe1 Qg6 {1-0 (34) Rosenhain,R (1805)-Truong,L (1593) Willingen 2016}) 11. Na4 Bb4 12. a3 {White is slightly better.} Ba5 13. b4 Bc7 14. f4 Nd7 15. Bd3 h6 16. Bb2 Qe7 17. e4 Nb6 18. Nxb6 $40 {[%mdl 128] Black needs to defend precisely.} Bxb6+ 19. Kh1 f5 $2 {[#]} ({Better is} 19... a5 $14) 20. exf5 $18 Rf6 (20... Bd8 {was necessary.} 21. f6 Rxf6 22. Bxf6 Qxf6) 21. Rae1 {Accuracy: White = 92%, Black = 29%.} 1-0

[Event "XIII Figueira da Foz Open 2019"]
[Site "Figueira da Foz"]
[Date "2019.10.31"]
[Round "5.13"]
[White "Goncalves, Lucas Jordao"]
[Black "Pintor, Simao Maciel Abranch"]
[Result "0-1"]
[WhiteElo "1447"]
[BlackElo "2137"]
[Annotator "TA"]
[PlyCount "94"]
[EventDate "2019.10.27"]
[EventType "swiss"]
[EventCountry "POR"]
[SourceTitle "playchess.com"]
[Source "ChessBase"]
[SourceQuality "1"]

{[%evp 14,94,8,8,37,37,25,14,33,0,18,0,0,0,0,-16,-11,-59,-69,-97,-41,-117,-102,-93,-84,-158,-112,-176,-193,-206,-212,-172,-170,-189,-208,-251,-245,-245,-245,-247,-244,-273,-208,-222,-210,-209,-179,-194,-147,-179,-185,-179,-186,-200,-183,-271,-241,-237,-234,-279,-271,-283,-272,-776,-671,-683,-666,-6060,-5097,-1322,-1252,-29979,-29978,-29988,-1270,-1651,-1752,-2000,-1645,-29989,-29990,-29990,-29991]} 1. e4 c5 2. Nf3 g6 3. d4 cxd4 4. Nxd4 Nc6 5. Nc3 Bg7 6. Be3 Nf6 7. Bc4 O-O 8. Bb3 Re8 {B35: Sicilian: Accelerated Dragon with 5 Nc3: main line} 9. O-O (9. f3 d5 10. exd5 Nb4 11. Nde2 e6 12. d6 Nbd5 13. Bd4 Qxd6 14. Bxd5 exd5 15. Qd2 b5 16. Nxb5 {½-½ (26) Caruana,F (2819)-Dubov,D (2700) Paris 2019}) 9... d6 10. h3 Na5 {The position is equal.} 11. Re1 b6 12. Ba4 Bd7 13. Bxd7 $146 ({Predecessor:} 13. Bg5 Bxa4 14. Nxa4 Rc8 15. b3 d5 16. e5 {0-1 (39) Gaudineau,E (2372)-Sacristan Latorre,A (2091) Escaldes 2019}) 13... Qxd7 14. Qd3 Rac8 15. f3 Nc4 16. Rab1 Qb7 ({Much weaker is} 16... Nxe3 $6 17. Qxe3 e5 18. Nb3 $11) (16... d5 $17 {White must now prevent ...e5.} 17. Bf2 dxe4 18. fxe4 Red8) 17. Nb3 (17. Bf2 $15) 17... Nxe3 18. Qxe3 Nd7 19. f4 ({White should play} 19. Nd4) 19... b5 {[%cal Bb6b5,Bb5b4][%mdl 32]} 20. Nd4 (20. a3 $17) 20... b4 $1 $19 {[%cal Rb4c3]} 21. Nce2 e5 22. fxe5 dxe5 23. Nb3 Rxc2 24. Rec1 Rec8 25. Rxc2 Rxc2 26. Qd3 Rc8 27. Rd1 Nb6 28. Rc1 Rxc1+ 29. Nexc1 Qc7 30. Qe2 Qc4 31. Qxc4 Nxc4 $17 {[%mdl 4096] Endgame KBN-KNN} 32. Nd3 {[#]} Bf8 $1 33. Kf2 f5 34. exf5 (34. Kf3 $142) 34... e4 35. Ndc5 gxf5 36. Na4 Bg7 37. g4 f4 ({Worse is} 37... Nxb2 38. Nxb2 e3+ 39. Kxe3 $11) 38. Nbc5 $2 (38. Nac5 Nd6 39. Ne6) 38... Nxb2 39. Nxb2 {Strongly threatening Nba4.} Bd4+ {[%mdl 64] Double Attack} ({Less strong is} 39... Bxb2 40. Nxe4 a5 41. Kf3 $17) 40. Ke2 Bxc5 $19 {KB-KN} 41. Nc4 f3+ 42. Kf1 e3 43. Ne5 {[#]} f2 (43... b3 $142 $1 44. Nxf3 (44. axb3 e2+) 44... bxa2 45. Ke2 a1=Q 46. Kd3 Qa6+ 47. Ke4 Qe6+ 48. Kd3 Qd5+ {[%mdl 64] Double Attack} 49. Kc3 Qxf3 50. Kb3 e2+ 51. Kc4 e1=Q 52. Kxc5 Qe5+ 53. Kb4 Qfc3+ 54. Ka4 Qe8#) 44. Ke2 a5 {[%cal Ba7a5,Ba5a4,Ba4a3][%mdl 32]} 45. h4 a4 46. h5 b3 47. axb3 a3 {Accuracy: White = 26%, Black = 71%.} 0-1